000 00932nam a22002897a 4500
001 BR7705061
003 BR-BrBNA
005 20230928085426.0
007 ta
008 230509b bl.||||| |||| 00| 0 por d
040 _aBR-BrBNA
_bpor
_cBiblioteca Nacional de Agricultura
041 _a(Por)
072 _aE30; E10
_b/G514
090 _ E30 BR7705061
100 1 _aMarinho, A.P.P.
110 1 _aSuperintendencia do Desenvolvimento do Nordeste, Recife, PE (Brasil). Assessoria de Industria e Comercio
_910141
245 1 _aPosicao dos projetos aprovados - industriais e agropecuarios. Situacao em 31-12-77 [Regiao Nordeste, Brasil]
260 3 _aRecife, PE (Brasil):
_c1977.
300 _a56 p.
500 _aNumerical data
650 _aPROJETO DE DESENVOLVIMENTO
650 _aPROJETO INDUSTRIAL
650 _aPROJETO AGRICOLA
650 _aREGIAO NORDESTE
909 _a202309
_bLucia
_c55
_dLucia Elande
942 _cBK
999 _c24367
_d24367